000 01005cam a22003257a 4500
003 CHAP
005 20220329142946.0
008 050421d2002 mx a rd 00110 spa d
010 _a90155
011 _a91127
020 _a96852322766
035 _a101685
040 _cCHAP
082 0 4 _a103
_bD55Y 2002
245 1 0 _aDiccionario de filosofía
_c/por Mario Bunge
250 _a2 ed.
260 _aMéxico, D. F. :
_bSiglo Veintiuno,
_c2002
300 _a221 p. :
_bilus.
500 _aTrad. Dictionary of the philosophy, 1999.
590 _aBATCH-UPD
_b10
_c20130110
_lUCH01
_h2228
590 _aBATCH-UPD
_b10
_c20130410
_lUCH01
_h1524
590 _aBATCH-UPD
_b10
_c20130914
_lUCH01
_h1407
590 _aCONVERSION
_b10
_c20130109
_lUCH01
_h1350
650 1 4 _aFilosofía
_xDiccionarios.
_940892
700 0 _aBunge, Mario Augusto.
_916075
901 _aBK
905 _aMarco A. Mendoza T.
942 _cLIBRO
949 _a103 D55Y 2002
_bBC
_cC
_d33724000954509
_eC
_gI.c/e
_h105505
_i101685
_si
_t$170.00
999 _c90155
_d90155